| 000 | 00336nam a2200133Ia 4500 | ||
|---|---|---|---|
| 008 | 230312s9999||||xx |||||||||||||| ||und|| | ||
| 082 |
_a658.132 _bSEA-M |
||
| 100 | _aSeabridge;Allan.G | ||
| 245 | 0 | _aMiIlitary Avionics | |
| 260 |
_bJohn Wiley & Sons _c2006 |
||
| 300 | _a520 | ||
| 650 |
_aAviation _vEngineering/Technology |
||
| 942 | _cBK | ||
| 999 |
_c13027 _d13027 |
||